00500nam a2200193 a 4500001001300000003000900013005001700022008004100039020001100080082001300091100001900104245004800123260003700171300000900208500003500217505002200252650001300274700001900287nice12345678IN_TiNIC20260116012055.0050524s1967 lona grp 000 0 eng  ac33.500a230bFAR aFarrer, Austin aSaving Beliefb a Discussion of Essentials. aLondonbHodder & Stoughtonc1967 a157p aincludes index and biblioraphy2 aIndex of Churches aTheology1 aFarrer, Austin